[Event "Stadtmeisterschaft Ulm/Neu-Ulm 2008"]
[Site "?"]
[Date "2008.10.03"]
[Round "2"]
[White "Späth, Gerhard"]
[Black "Lepschi, Albert"]
[Result "0-1"]
[WhiteElo "1643"]
[BlackElo "1674"]
[Annotator "Frederic"]
[PlyCount "174"]
[EventDate "2008.??.??"]
[TimeControl "30/5400:0"]

{125MB, Fritz10.ctg, SCHACHCOMP} 1. e4 c6 2. d4 d5 3. Nc3 dxe4 4. Nxe4 Nd7 5.
Nf3 Ngf6 6. Nxf6+ Nxf6 7. c3 Bg4 8. Be2 e6 9. Ne5 Bxe2 10. Qxe2 Be7 11. Bg5 O-O
12. O-O Nd5 13. Bxe7 Qxe7 14. f4 Rad8 15. Rae1 Qc7 16. f5 exf5 17. Rxf5 f6 18.
Nd3 Rde8 19. Qd2 Rxe1+ 20. Qxe1 Qd7 21. Rf1 Re8 22. Qg3 Ne3 23. Rxf6 Qd5 24.
Rf2 Qxa2 25. h3 Qb1+ 26. Kh2 Qxd3 27. Qf4 Qg6 28. Qc7 Nd5 29. Qxb7 Qd6+ 30. g3
Qc7 31. Qb3 Re3 32. Rg2 Kh8 33. Qd1 h6 34. Qg4 Nf6 35. Qg6 Qe7 36. Qf5 Re2 37.
Qc8+ Qe8 38. Qa6 Rxg2+ 39. Kxg2 Qe4+ 40. Kf2 Qf5+ 41. Kg2 Qc2+ 42. Kf3 Qxb2 43.
Qc8+ Kh7 44. Qf5+ Kg8 45. Qc8+ Kf7 46. Qxc6 Qb3 47. Kf4 Qxc3 48. Qb7+ Kg6 49.
Qxa7 Nh5+ 50. Ke5 Qxg3+ 51. Kd5 Nf6+ 52. Kc6 Qxh3 53. Qa1 Qe6+ 54. Kc5 Nd7+ 55.
Kb4 Qd6+ 56. Kc3 Nf6 57. Qb1+ Kf7 58. Qb3+ Nd5+ 59. Kd2 Qb4+ 60. Qxb4 Nxb4 61.
Ke3 Kf6 62. Kf4 Ke6 63. Kf3 Kd5 64. Ke3 Nc6 65. Kf4 Nxd4 66. Kg4 Ke4 67. Kh5
Kf5 68. Kh4 Ne6 69. Kg3 g5 70. Kf3 Nd4+ 71. Kg2 Kf4 72. Kg1 Kf3 73. Kf1 Nf5 74.
Kg1 Ke2 75. Kg2 g4 76. Kg1 h5 77. Kg2 Ke3 78. Kf1 Kf3 79. Ke1 g3 80. Kd2 g2 81.
Kc3 g1=Q 82. Kc4 Qd4+ 83. Kb5 Qc3 84. Kb6 Qc4 85. Kb7 Qc5 86. Kb8 Qe7 87. Kc8
Nd6+ 0-1

[Event "Stadtmeisterschaft Ulm/Neu-Ulm 2008"]
[Site "?"]
[Date "2008.10.03"]
[Round "2"]
[White "Krauß, Rainer"]
[Black "Goda, Frederic"]
[Result "1-0"]
[WhiteElo "1642"]
[BlackElo "1706"]
[Annotator "Frederic"]
[PlyCount "47"]
[EventDate "2008.??.??"]
[TimeControl "30/5400:0"]

{125MB, Fritz10.ctg, SCHACHCOMP} 1. e4 c5 2. Nf3 d6 3. d4 cxd4 4. Nxd4 Nf6 5.
Nc3 a6 6. Bg5 h6 7. Bxf6 exf6 8. Bc4 Nc6 9. O-O Ne5 10. Bd5 Rb8 11. f4 Bg4 12.
Qd2 Nd7 13. f5 Bh5 14. h3 Ne5 15. g4 Bxg4 16. hxg4 Nxg4 17. Rf4 Ne5 18. Kh1 g5
19. fxg6 fxg6 20. Raf1 Be7 21. Be6 g5 22. Rf5 Ng6 23. Qd1 Nf4 24. R1xf4 1-0

[Event "Stadtmeisterschaft Ulm/Neu Ulm 2008"]
[Site "?"]
[Date "2008.10.03"]
[Round "2"]
[White "Förderreuther, Jonas"]
[Black "Sturm, Paul"]
[Result "1-0"]
[WhiteElo "1510"]
[BlackElo "1296"]
[Annotator "Frederic"]
[PlyCount "63"]
[EventDate "2008.??.??"]
[TimeControl "30/5400:0"]

{125MB, Fritz10.ctg, SCHACHCOMP} 1. d4 d5 2. c4 e6 3. Nc3 Bb4 4. Qb3 Bxc3+ 5.
Qxc3 Nc6 6. Nf3 Nge7 7. b3 Qd6 8. c5 Qd8 9. Bf4 Nf5 10. e3 h6 11. h3 Bd7 12.
Bd3 Nh4 13. Nxh4 Qxh4 14. Bxc7 O-O 15. Bg3 Qg5 16. O-O a5 17. a3 Qd8 18. b4 b6
19. b5 Na7 20. a4 bxc5 21. dxc5 Rc8 22. Qd4 Re8 23. c6 Nxc6 24. bxc6 Bxc6 25.
Ba6 Ra8 26. Bb5 Qd7 27. Bxc6 Qxc6 28. Rfc1 Qa6 29. Rc7 Rec8 30. Rac1 Rxc7 31.
Rxc7 Rc8 32. Qa7 1-0

[Event "Stadtmeisterschaft Ulm/Neu Ulm 2008"]
[Site "?"]
[Date "2008.10.03"]
[Round "2"]
[White "Krapf, Katharina"]
[Black "Rieken, Bernd"]
[Result "1/2-1/2"]
[WhiteElo "1223"]
[BlackElo "1542"]
[Annotator "Frederic"]
[PlyCount "70"]
[EventDate "2008.??.??"]
[TimeControl "30/5400:0"]

{125MB, Fritz10.ctg, SCHACHCOMP} 1. c4 e5 2. Nc3 Bc5 3. g3 Ne7 4. a3 a5 5. Bg2
c6 6. Nf3 d6 7. d4 exd4 8. Nxd4 O-O 9. O-O Nf5 10. e3 Bxd4 11. exd4 Qf6 12. Be3
Re8 13. Re1 Be6 14. d5 Bd7 15. Ne4 Qg6 16. Bf4 h5 17. dxc6 Nxc6 18. Bxd6 Rxe4
19. Bxe4 Qxd6 20. Qxd6 Nxd6 21. Rad1 Nxe4 22. Rxd7 Nc5 23. Rd5 b6 24. Rxh5 Nd3
25. Re2 Nd4 26. Re4 Nf3+ 27. Kg2 Nde1+ 28. Kh1 g5 29. h4 f6 30. Re7 Rd8 31.
hxg5 fxg5 32. Rhh7 Rd2 33. Rhg7+ Kf8 34. Rgf7+ Kg8 35. Rg7+ Kh8 1/2-1/2

[Event "Stadtmeisterschaft Ulm/Neu Ulm 2008"]
[Site "?"]
[Date "2008.10.03"]
[Round "2"]
[White "Simo von Koschitzky, Ignatio"]
[Black "Hörsch, Florian"]
[Result "0-1"]
[WhiteElo "1087"]
[BlackElo "1485"]
[Annotator "Frederic"]
[PlyCount "50"]
[EventDate "2008.??.??"]
[TimeControl "30/5400:0"]

{125MB, Fritz10.ctg, SCHACHCOMP} 1. d4 d5 2. Nf3 Nf6 3. e3 e6 4. Bd3 c5 5. c3
Nc6 6. Nbd2 Bd6 7. O-O Bd7 8. e4 dxe4 9. Nxe4 Nxe4 10. Bxe4 Qc7 11. Qd3 cxd4
12. cxd4 f5 13. Bxc6 Bxc6 14. Ne5 Bxe5 15. dxe5 Qxe5 16. Re1 Qxe1+ 17. Qf1
Qxf1+ 18. Kxf1 O-O-O 19. Bf4 Rd5 20. Rc1 Rhd8 21. Ke1 e5 22. Be3 a6 23. g3 Kb8
24. b4 Ba4 25. Ke2 Bd1+ 0-1

[Event "Stadtmeisterschaft Ulm/Neu Ulm 2008"]
[Site "?"]
[Date "2008.10.03"]
[Round "2"]
[White "Stork, Simon"]
[Black "Napierala, Jascha"]
[Result "1-0"]
[WhiteElo "1439"]
[BlackElo "790"]
[Annotator "Frederic"]
[PlyCount "73"]
[EventDate "2008.??.??"]
[TimeControl "30/5400:0"]

{125MB, Fritz10.ctg, SCHACHCOMP} 1. e4 e5 2. Nf3 Nf6 3. Nxe5 Qe7 4. d4 d6 5.
Nf3 Bf5 6. e5 dxe5 7. Nxe5 Nc6 8. Bb5 Qb4+ 9. Nc3 Bd7 10. Nxd7 Nxd7 11. Bxc6
bxc6 12. O-O Be7 13. a3 Qd6 14. Re1 O-O 15. Bf4 Qxf4 16. Rxe7 Nf6 17. Qd3 Rad8
18. Ne2 Qh4 19. Rxc7 Nd7 20. Qg3 Qe4 21. Qd3 Qh4 22. c3 Rfe8 23. Ng3 Ne5 24.
Qf5 Nd7 25. Rxd7 Rxd7 26. Qxd7 Rd8 27. Re1 g6 28. Re8+ Rxe8 29. Qxe8+ Kg7 30.
Qxc6 Qg4 31. Qf3 Qe6 32. Qe2 Qb3 33. h3 h5 34. Qd2 Qd5 35. Qd3 g5 36. c4 Qd6
37. Nf5+ 1-0

[Event "Stadtmeisterschaft Ulm/Neu Ulm 2008"]
[Site "?"]
[Date "2008.10.03"]
[Round "2"]
[White "Jahn, Manfred"]
[Black "Meier, Dennis"]
[Result "1-0"]
[WhiteElo "1617"]
[BlackElo "1335"]
[Annotator "Frederic"]
[PlyCount "59"]
[EventDate "2008.10.24"]
[SourceDate "2008.10.24"]

1. d4 d5 2. c4 c6 3. Nc3 Nf6 4. Nf3 Bf5 5. e3 e6 6. Be2 dxc4 7. Bxc4 Nbd7 8.
O-O Nb6 9. Bd3 Bxd3 10. Qxd3 c5 11. Qb5+ Nfd7 12. Rd1 cxd4 13. Rxd4 Qc7 14. e4
Bc5 15. Rd1 a6 16. Qe2 O-O 17. Be3 Bd6 18. Rac1 Nc8 19. Nb5 Qb8 20. Nxd6 Nxd6
21. e5 Nxe5 22. Nxe5 Nf5 23. Nd7 Qe8 24. Bc5 Ne7 25. Qg4 Rd8 26. Nf6+ Kh8 27.
Nxe8 Rfxe8 28. Bxe7 Rxe7 29. Rxd8+ Re8 30. Rxe8# 1-0

[Event "Stadtmeisterschaft Ulm/Neu Ulm 2008"]
[Site "?"]
[Date "2008.10.17"]
[Round "3"]
[White "Anistratov, Dimitrij"]
[Black "Deißler, Helmut"]
[Result "1-0"]
[WhiteElo "2333"]
[BlackElo "1988"]
[Annotator "Frederic"]
[PlyCount "93"]
[EventDate "2008.??.??"]

1. Nf3 d5 2. g3 Nf6 3. Bg2 Bf5 4. c4 dxc4 5. Na3 Be6 6. Qc2 c6 7. Nxc4 g6 8. b3
Bg7 9. Bb2 O-O 10. O-O Na6 11. a3 Bd5 12. d3 Bxf3 13. Bxf3 Nd7 14. d4 Qc7 15.
Rac1 Rac8 16. b4 e5 17. dxe5 Nxe5 18. Bxe5 Bxe5 19. Qb3 Qe7 20. Qe3 Bf6 21.
Qxa7 Ra8 22. Qb6 Rab8 23. Rc2 Rfd8 24. Qe3 Qxe3 25. Nxe3 Nc7 26. Nc4 Nb5 27.
Kg2 Ra8 28. Ra2 Nc3 29. Rb2 Nb5 30. Rb3 Nd4 31. Rd3 Nxf3 32. Rxf3 Kg7 33. Rc1
Rd4 34. Rb3 Bd8 35. e3 Rd5 36. Rc2 f5 37. h4 Kf6 38. Kf3 Ke6 39. Ke2 Kd7 40.
Nb2 Bc7 41. Nd3 Bd6 42. Rc4 Re8 43. Kd2 Re6 44. Ke2 b5 45. Rc2 Be5 46. Nxe5+
Kd6 47. Nxc6 1-0

[Event "Stadtmeisterschaft Ulm/Neu Ulm 2008"]
[Site "?"]
[Date "2008.10.17"]
[Round "3"]
[White "Bühler, Jürgen"]
[Black "Schulze, Andreas"]
[Result "1-0"]
[WhiteElo "1917"]
[BlackElo "2173"]
[Annotator "Frederic"]
[PlyCount "63"]
[EventDate "2008.??.??"]

1. c4 Nf6 2. Nf3 d5 3. e3 c5 4. d4 g6 5. cxd5 Nxd5 6. e4 Nb6 7. Bb5+ N6d7 8.
dxc5 Bg7 9. Nc3 O-O 10. O-O Qa5 11. Bxd7 Nxd7 12. Nd5 Nxc5 13. Bg5 f6 14. Bf4
Ne6 15. Nxe7+ Kh8 16. Bd2 Qb5 17. a4 Qe8 18. Bb4 Rf7 19. Nd5 Bd7 20. Qb3 Bc6
21. Rfe1 Rc8 22. e5 f5 23. Bd6 h6 24. Re3 g5 25. Rc3 Qd7 26. Nb4 Nf4 27. Nxc6
bxc6 28. Re1 Ne6 29. Qc4 Nf4 30. e6 Bxc3 31. exd7 Rxd7 32. Qxc3+ 1-0

[Event "Stadtmeisterschaft Ulm/Neu Ulm 2008"]
[Site "?"]
[Date "2008.10.17"]
[Round "3"]
[White "Hörsch, Heiner"]
[Black "Gebhardt, Uwe"]
[Result "0-1"]
[WhiteElo "2059"]
[BlackElo "1996"]
[Annotator "Frederic"]
[PlyCount "111"]
[EventDate "2008.??.??"]

1. d4 g6 2. c4 Bg7 3. Nc3 d6 4. e4 Nc6 5. Be3 e5 6. Nge2 Nf6 7. d5 Ne7 8. f3
Nd7 9. g4 f5 10. gxf5 gxf5 11. Bg5 f4 12. Nc1 Bf6 13. Bxf6 Nxf6 14. Rg1 Ng6 15.
Nd3 Nh5 16. Qe2 Qh4+ 17. Qf2 a6 18. c5 Bd7 19. Rc1 Rc8 20. Qxh4 Nxh4 21. Kf2
Kf7 22. Nb1 Nf6 23. Nd2 Ng6 24. Nc4 Ne8 25. Be2 Ke7 26. b3 Rf8 27. Na5 Ra8 28.
Nxb7 a5 29. b4 axb4 30. Nxb4 Ra4 31. Rb1 Ra7 32. Ba6 Rf6 33. cxd6+ cxd6 34. Na5
Kf8 35. Nac6 Bxc6 36. dxc6 Nc7 37. Bc4 Ne7 38. Nd5 Ncxd5 39. Rb8+ Kf7 40. exd5
Rh6 41. Rg2 Rh3 42. Rb7 Ra3 43. Bb3 Ra5 44. Rd7 Rc5 45. Ke2 Rc3 46. Rf2 e4 47.
fxe4 Rhe3+ 48. Kf1 f3 49. Kg1 Rxe4 50. h3 Rc1+ 51. Rf1 Rc3 52. Rxd6 Re5 53. Rh6
Kg7 54. Rh4 h5 55. Rd4 Rg5+ 56. Kf2 0-1

[Event "Stadtmeisterschaft Ulm/Neu Ulm 2008"]
[Site "?"]
[Date "2008.10.17"]
[Round "3"]
[White "Smolny, Frieder"]
[Black "Wolf, Rainer"]
[Result "1-0"]
[WhiteElo "1871"]
[BlackElo "2002"]
[Annotator "Frederic"]
[PlyCount "51"]
[EventDate "2008.??.??"]

1. d4 d5 2. c4 e6 3. Nc3 Nf6 4. cxd5 exd5 5. Bg5 Be7 6. e3 c6 7. Bd3 Ne4 8. Bf4
Qa5 9. Nge2 Na6 10. f3 Nxc3 11. bxc3 c5 12. a3 O-O 13. O-O c4 14. Bc2 g5 15.
Bg3 f5 16. Qd2 Nc7 17. Be5 Nb5 18. e4 fxe4 19. fxe4 Rxf1+ 20. Rxf1 Qd8 21. Ng3
Nxa3 22. Nh5 Qe8 23. Bd1 g4 24. Nf6+ Bxf6 25. Rxf6 Qh5 26. Rh6 1-0

[Event "Stadtmeisterschaft Ulm/Neu Ulm 2008"]
[Site "?"]
[Date "2008.10.17"]
[Round "3"]
[White "Souissi, Skander"]
[Black "Krauß, Rainer"]
[Result "1-0"]
[WhiteElo "1850"]
[BlackElo "1642"]
[Annotator "Frederic"]
[PlyCount "73"]
[EventDate "2008.??.??"]

1. c4 c6 2. Nf3 d5 3. b3 Nf6 4. Bb2 Bf5 5. d3 e6 6. g3 Bb4+ 7. Nbd2 dxc4 8.
bxc4 Nbd7 9. Bg2 O-O 10. O-O Re8 11. Rb1 Bxd2 12. Qxd2 Qc7 13. Nd4 Bg6 14. Ba3
e5 15. Nb3 Rad8 16. Na5 Rb8 17. c5 e4 18. Nc4 Ne5 19. Nd6 Red8 20. dxe4 Nxe4
21. Qf4 Nc3 22. Rb2 f6 23. e4 Nd3 24. Qe3 Nxb2 25. Qxc3 b6 26. Bxb2 bxc5 27.
Nc4 Rd4 28. Nd2 Qd6 29. Nb3 Rdb4 30. Ba3 Ra4 31. Bxc5 Qe6 32. Nd4 Qxa2 33. Bh3
Bf7 34. Nxc6 Rb3 35. Qc1 Rc4 36. Qd1 g6 37. Qd6 1-0

[Event "Stadtmeisterschaft Ulm/Neu Ulm 2008"]
[Site "?"]
[Date "2008.10.17"]
[Round "3"]
[White "Heinrich, Klaus"]
[Black "Lainburg, Viktor"]
[Result "0-1"]
[WhiteElo "1710"]
[BlackElo "1964"]
[Annotator "Frederic"]
[PlyCount "134"]
[EventDate "2008.??.??"]

1. f4 d5 2. Nf3 c5 3. e3 Nc6 4. d4 Bf5 5. Bd3 Bxd3 6. Qxd3 e6 7. c3 Nf6 8. Nbd2
Be7 9. O-O O-O 10. Ng5 h6 11. Nh3 Qc7 12. Nf3 Ne4 13. Bd2 b5 14. Kh1 b4 15. g4
bxc3 16. bxc3 f6 17. Be1 cxd4 18. exd4 Na5 19. Rg1 Rab8 20. g5 hxg5 21. fxg5
Rb2 22. g6 Bd6 23. Rg2 Rfb8 24. Nf2 Qc4 25. Qd1 Qf1+ 26. Ng1 Rxf2 27. Bxf2
Nxf2+ 28. Rxf2 Qxf2 29. Qh5 Qxh2+ 30. Qxh2 Bxh2 31. Kxh2 Kf8 32. Kg3 Ke7 33.
Ne2 f5 34. Re1 Kf6 35. Nf4 Rb6 36. Kf3 Nc4 37. Rg1 Ke7 38. Nh5 Kf8 39. Rh1 e5
40. dxe5 Nxe5+ 41. Kf4 Nxg6+ 42. Kxf5 Ne7+ 43. Ke5 Rc6 44. Rf1+ Kg8 45. Rg1 g6
46. Nf6+ Kg7 47. Ne8+ Kf8 48. Nd6 Rxc3 49. Rf1+ Kg8 50. Rf7 Nc8 51. Rd7 Nxd6
52. Kxd6 Ra3 53. Ke6 Rxa2 54. Kf6 Ra6+ 55. Kg5 Kf8 56. Rxd5 Ke7 57. Rd1 Rd6 58.
Rh1 a5 59. Rh7+ Ke6 60. Kxg6 Ra6 61. Kg5 Ke5 62. Kg4 a4 63. Kf3 a3 64. Rh1 a2
65. Ra1 Kd4 66. Ke2 Kc3 67. Kd1 Kb2 0-1

[Event "Stadtmeisterschaft Ulm/Neu Ulm 2008"]
[Site "?"]
[Date "2008.10.17"]
[Round "3"]
[White "Hoffart, Alexander"]
[Black "Späth, Gerhard"]
[Result "0-1"]
[WhiteElo "1900"]
[BlackElo "1643"]
[Annotator "Frederic"]
[PlyCount "92"]
[EventDate "2008.??.??"]

1. e4 e5 2. d4 exd4 3. c3 dxc3 4. Bc4 c2 5. Qxc2 Nf6 6. Nc3 Bb4 7. Nf3 O-O 8.
O-O Bxc3 9. bxc3 d6 10. Bg5 Nc6 11. Rad1 Bg4 12. Rb1 Bxf3 13. gxf3 Ne5 14. Be2
Rb8 15. f4 Nc6 16. Rfe1 Re8 17. Bb5 Qd7 18. Qd3 Qg4+ 19. Kh1 Qe6 20. Bc4 Nxe4
21. Re2 Qg6 22. Rg1 Na5 23. Be7 Nxf2+ 24. Rxf2 Qxd3 25. Bxd3 Rxe7 26. Rfg2 g6
27. f5 Re3 28. Bc2 Kg7 29. fxg6 hxg6 30. Bxg6 fxg6 31. Rxg6+ Kf7 32. Rg7+ Ke6
33. R1g6+ Kd5 34. Rxc7 Nc4 35. Rg5+ Re5 36. Rgg7 Na5 37. Rg4 Rf8 38. Ra4 Ke6
39. c4 Rf2 40. Kg1 Rc2 41. Kf1 Rh5 42. Kg1 Rg5+ 43. Kf1 b6 44. h3 Rgg2 45. Rxa7
Rh2 46. Kg1 Rhd2 0-1

[Event "Stadtmeisterschaft Ulm/Neu Ulm 2008"]
[Site "?"]
[Date "2008.10.17"]
[Round "3"]
[White "Lepschi, Albert"]
[Black "Hartmann, Thomas"]
[Result "1/2-1/2"]
[WhiteElo "1674"]
[BlackElo "1889"]
[Annotator "Frederic"]
[PlyCount "64"]
[EventDate "2008.??.??"]

1. d4 Nf6 2. c4 e6 3. Nc3 Bb4 4. e3 c5 5. Nf3 O-O 6. Be2 d6 7. O-O Bxc3 8. bxc3
Qe7 9. Qc2 b6 10. e4 e5 11. Bg5 Nc6 12. d5 Na5 13. Nd2 h6 14. Bxf6 Qxf6 15. Nb3
Nxb3 16. axb3 Qg5 17. Rfe1 Bh3 18. Bf1 f5 19. Qd3 Bg4 20. exf5 Bxf5 21. Qe3
Qxe3 22. Rxe3 Bc2 23. Ra3 Rf7 24. Re2 Bg6 25. Rea2 a5 26. b4 Rfa7 27. Be2 Kf7
28. bxc5 bxc5 29. f3 Ke7 30. Kf2 Kd7 31. Bd1 Kc7 32. Ba4 Bb1 1/2-1/2

[Event "Stadtmeisterschaft Ulm/Neu Ulm 2008"]
[Site "?"]
[Date "2008.10.17"]
[Round "3"]
[White "Hengstberger, Ulli"]
[Black "Sander, Luzia"]
[Result "0-1"]
[WhiteElo "1445"]
[BlackElo "1810"]
[Annotator "Frederic"]
[PlyCount "78"]
[EventDate "2008.??.??"]

1. c4 e6 2. d4 d5 3. Nc3 c6 4. Nf3 Be7 5. e3 Nf6 6. Be2 Nbd7 7. O-O O-O 8. c5
b6 9. b4 a5 10. bxa5 bxc5 11. Bd2 Rxa5 12. Ne5 Nxe5 13. dxe5 Nd7 14. f4 Ba6 15.
g4 Bxe2 16. Qxe2 h6 17. Qg2 Ra3 18. Rf3 d4 19. Ne4 Nb6 20. f5 Qd5 21. f6 Qxe4
22. fxe7 Re8 23. Bc1 Rd3 24. g5 hxg5 25. Kf2 g4 26. Rg3 dxe3+ 27. Bxe3 Qxe5 28.
Qxc6 Qb2+ 29. Kg1 Qxa1+ 30. Kg2 Qb2+ 31. Bf2 Rxg3+ 32. Kxg3 Qe5+ 33. Kg2 Rxe7
34. Qxb6 Qe4+ 35. Kg1 Rb7 36. Qd8+ Kh7 37. Qh4+ Kg6 38. h3 Rb1+ 39. Be1 Rxe1+
0-1

[Event "Stadtmeisterschaft Ulm/Neu Ulm 2008"]
[Site "?"]
[Date "2008.10.17"]
[Round "3"]
[White "Locher, Klaus"]
[Black "Jahn, Manfred"]
[Result "0-1"]
[WhiteElo "1787"]
[BlackElo "1617"]
[Annotator "Frederic"]
[PlyCount "54"]
[EventDate "2008.??.??"]

1. c4 Nf6 2. Nc3 c5 3. e4 Nc6 4. g3 e6 5. Bg2 d5 6. exd5 exd5 7. cxd5 Nb4 8. d4
Bf5 9. Be3 Nc2+ 10. Kf1 cxd4 11. Bxd4 Nxa1 12. Qxa1 Bd3+ 13. Nge2 Bc4 14. Qd1
a6 15. Be3 Bd6 16. Bf3 O-O 17. Kg2 Bxe2 18. Nxe2 Rc8 19. Nd4 Be5 20. Nf5 Qd7
21. g4 Bxb2 22. d6 Rc4 23. Be2 Ra4 24. g5 Ne4 25. Bf3 Re8 26. Bg4 Nc3 27. Qc2
Rxg4+ 0-1

[Event "Stadtmeisterschaft Ulm/Neu Ulm 2008"]
[Site "?"]
[Date "2008.10.17"]
[Round "3"]
[White "Zierke, Markus"]
[Black "Förderreuther, Jonas"]
[Result "1/2-1/2"]
[WhiteElo "1765"]
[BlackElo "1510"]
[Annotator "Frederic"]
[PlyCount "109"]
[EventDate "2008.??.??"]

1. d4 Nf6 2. e3 g6 3. f4 Bg7 4. Nf3 d6 5. Bc4 O-O 6. O-O c5 7. c3 a6 8. Nbd2 b5
9. Bb3 Bb7 10. Qe2 Nbd7 11. Rd1 Qb6 12. Kh1 Ne4 13. Nxe4 Bxe4 14. d5 c4 15. Bc2
Bxc2 16. Qxc2 Nc5 17. Qe2 Nd3 18. Ne1 Nxc1 19. Rdxc1 Rfc8 20. Nc2 a5 21. a3
Rab8 22. e4 Qc7 23. Re1 Rd8 24. Red1 Qb7 25. Qf3 Qc7 26. Qe3 Qb7 27. Nd4 Bxd4
28. Qxd4 Qb6 29. e5 Qxd4 30. Rxd4 Rb7 31. Kg1 Rc8 32. Re1 a4 33. Re2 Rd8 34.
Kf2 Rbd7 35. e6 fxe6 36. Rxe6 Rf8 37. g4 Rf7 38. Rde4 Kf8 39. Ke3 Rc7 40. Rd4
Kg7 41. Rd2 Kf8 42. Rf2 Rc5 43. Ke4 Ke8 44. Rf3 Rc8 45. f5 gxf5+ 46. gxf5 Kd7
47. f6 Rxf6 48. Rfxf6 exf6 49. Rxf6 Re8+ 50. Kd4 Re7 51. Rh6 Kc7 52. Rh4 Kd7
53. Rh6 Kc7 54. Re6 Rf7 55. Rh6 1/2-1/2

[Event "Stadtmeisterschaft Ulm/Neu Ulm 2008"]
[Site "?"]
[Date "2008.10.17"]
[Round "3"]
[White "Kühn, Bernd"]
[Black "Stork, Simon"]
[Result "1-0"]
[WhiteElo "1618"]
[BlackElo "1439"]
[Annotator "Frederic"]
[PlyCount "81"]
[EventDate "2008.??.??"]

1. Nf3 Nf6 2. g3 d5 3. Bg2 c5 4. O-O Nc6 5. d3 e5 6. Nbd2 Be7 7. e4 d4 8. Nc4
Qc7 9. a4 Be6 10. Nfd2 O-O 11. f4 Ng4 12. f5 Bxc4 13. Qxg4 Ba6 14. f6 Bxf6 15.
Rxf6 Nb4 16. Nc4 Kh8 17. Rf2 Bxc4 18. dxc4 Rad8 19. Bf1 Rd6 20. Bd3 Rfd8 21.
Bd2 Nc6 22. Raf1 f6 23. Qh3 Qb6 24. b3 Ne7 25. a5 Qc6 26. b4 cxb4 27. Bxb4 R6d7
28. Bxe7 Rxe7 29. Rf5 Qa4 30. Qh4 Qxa5 31. Rh5 h6 32. Rhf5 Qb6 33. g4 Rdd7 34.
g5 fxg5 35. Rxg5 Kg8 36. Rgf5 Rf7 37. Rxe5 Rxf1+ 38. Kxf1 Qb1+ 39. Ke2 Rf7 40.
Rf5 Qc1 41. Qd8+ 1-0

[Event "Stadtmeisterschaft Ulm/Neu Ulm 2008"]
[Site "?"]
[Date "2008.10.17"]
[Round "3"]
[White "Zahn, Achim"]
[Black "Huppertz, Anton"]
[Result "1-0"]
[WhiteElo "1584"]
[BlackElo "1363"]
[Annotator "Frederic"]
[PlyCount "47"]
[EventDate "2008.??.??"]

1. e4 c5 2. c3 d6 3. d4 cxd4 4. cxd4 a6 5. a4 Bd7 6. Nc3 Nc6 7. Nf3 Bg4 8. Be2
Bxf3 9. Bxf3 e5 10. dxe5 dxe5 11. Nd5 Nd4 12. O-O Nxf3+ 13. Qxf3 Rc8 14. Qb3
Rb8 15. Be3 Bd6 16. Rfd1 Nf6 17. Bb6 Qd7 18. Nxf6+ gxf6 19. Bc5 Bxc5 20. Rxd7
Kxd7 21. Qxf7+ Kc6 22. Qxf6+ Bd6 23. Rc1+ Kd7 24. Rd1 1-0

[Event "Stadtmeisterschaft Ulm/Neu Ulm 2008"]
[Site "?"]
[Date "2008.10.17"]
[Round "3"]
[White "Goda, Frederic"]
[Black "Krapf, Katharina"]
[Result "1-0"]
[WhiteElo "1706"]
[BlackElo "1223"]
[Annotator "Frederic"]
[PlyCount "41"]
[EventDate "2008.??.??"]

1. d4 Nf6 2. c4 e5 3. e3 Nc6 4. Nc3 d5 5. Nf3 exd4 6. exd4 Bb4 7. a3 Bxc3+ 8.
bxc3 O-O 9. Be2 Ne4 10. Bb2 Be6 11. cxd5 Qxd5 12. O-O Ne7 13. c4 Qd6 14. d5 Bg4
15. Be5 Qd7 16. Qd4 f5 17. Bxg7 Rf7 18. Ne5 c5 19. Qb2 Qe8 20. Nxf7 Bxe2 21.
Nh6# 1-0

[Event "Stadtmeisterschaft Ulm/Neu Ulm 2008"]
[Site "?"]
[Date "2008.10.17"]
[Round "3"]
[White "Fischer, Heidi"]
[Black "Simo von Koschitzky, Ignatio"]
[Result "1-0"]
[WhiteElo "1375"]
[BlackElo "1087"]
[Annotator "Frederic"]
[PlyCount "129"]
[EventDate "2008.??.??"]

1. d4 e6 2. c4 c6 3. Nf3 Nf6 4. Bg5 Be7 5. Nc3 O-O 6. e4 d5 7. e5 Nfd7 8. Qd2
f6 9. exf6 Nxf6 10. c5 b6 11. b4 Nbd7 12. h4 Qe8 13. Bd3 Ng4 14. Qe2 Qf7 15.
Bxe7 Qxe7 16. Nd1 e5 17. Ng5 e4 18. Bc2 Nh6 19. b5 cxb5 20. c6 Qb4+ 21. Qd2
Qxd2+ 22. Kxd2 Nf6 23. Bb3 Nhg4 24. Rc1 h6 25. Nh3 a5 26. Nf4 a4 27. Bxd5+ Nxd5
28. Nxd5 Be6 29. Nc7 Rac8 30. Nxe6 Rf6 31. d5 Kf7 32. Nd4 b4 33. f3 exf3 34.
gxf3 Ne5 35. Rf1 Rf4 36. Ke3 Rxh4 37. Nf2 Ng6 38. Ne4 Kf8 39. Rg1 Ne7 40. Ne6+
Ke8 41. Nxg7+ Kf7 42. Nd6+ Kf6 43. Nxc8 Nxc8 44. c7 b5 45. Rc6+ Ke5 46. Rc5 b3
47. axb3 Rb4 48. bxa4 bxa4 49. Ra1 Rb3+ 50. Kf2 a3 51. Kg3 Kf6 52. Nh5+ Ke7 53.
Rc6 Kd7 54. Nf6+ Ke7 55. Ng8+ Kd7 56. Nxh6 Na7 57. Rc2 Nc8 58. Kf4 Kd6 59. Rd1
Ke7 60. Kf5 Rb5 61. Rc6 Kd7 62. Ke5 a2 63. Ra1 Ra5 64. Nf5 Na7 65. Rc2 1-0

[Event "Stadtmeisterschaft Ulm/Neu Ulm 2008"]
[Site "?"]
[Date "2008.10.17"]
[Round "3"]
[White "Sturm, Paul"]
[Black "Napierala, Jascha"]
[Result "0-1"]
[WhiteElo "1296"]
[BlackElo "790"]
[Annotator "Frederic"]
[PlyCount "108"]
[EventDate "2008.??.??"]

1. d4 d5 2. c4 e6 3. Nf3 Nc6 4. Nc3 Nf6 5. Bg5 g6 6. e4 dxe4 7. Nxe4 Be7 8. Nc3
O-O 9. Be2 b6 10. Qd2 Ng4 11. h4 f6 12. Be3 Bb7 13. O-O-O a5 14. Ne1 Nxe3 15.
Qxe3 Qd6 16. Nb5 Qd7 17. Bf3 Rab8 18. Nc2 Ba6 19. a4 Nb4 20. Qb3 c6 21. Nc3 b5
22. c5 bxa4 23. Qxa4 Qc7 24. Nxb4 Rxb4 25. Qxc6 Qxc6 26. Bxc6 Rfb8 27. Rd2 f5
28. f4 Bf6 29. Rhd1 h6 30. Na4 g5 31. hxg5 hxg5 32. g3 Bc4 33. Nb6 Bb3 34. Re1
Bxd4 35. Rxd4 Rxd4 36. Bd7 Rd8 37. c6 Rb8 38. c7 Rf8 39. Bxe6+ Bxe6 40. Rxe6
gxf4 41. gxf4 Rxf4 42. c8=Q Rxc8+ 43. Nxc8 Rc4+ 44. Kb1 Rxc8 45. Re5 Rf8 46.
Rxa5 Kg7 47. Ra6 f4 48. Ra7+ Kg6 49. Ra6+ Kg5 50. Ra5+ Kg4 51. Ra4 Kg3 52. b4
f3 53. Ra7 f2 54. Rg7+ Kf3 0-1

[Event "Stadtmeisterschaft Ulm/Neu Ulm 2008"]
[Site "?"]
[Date "2008.10.19"]
[Round "4"]
[White "Pletz, Bernd"]
[Black "Goda, Frederic"]
[Result "0-1"]
[WhiteElo "1315"]
[BlackElo "1706"]
[Annotator "Frederic"]
[PlyCount "90"]
[EventDate "2008.??.??"]

1. e4 c5 2. Nf3 d6 3. c3 g6 4. Bc4 Bg7 5. O-O Nh6 6. d3 O-O 7. Be3 Ng4 8. Nbd2
Nxe3 9. fxe3 Nc6 10. d4 cxd4 11. exd4 Rb8 12. a4 b6 13. b4 Bb7 14. Qb3 e6 15.
Rf2 Kh8 16. Raf1 Qe7 17. Ne1 Bh6 18. Nef3 Be3 19. Qd1 f5 20. g3 fxe4 21. Nxe4
d5 22. Qe2 Bxf2+ 23. Rxf2 dxe4 24. Qxe4 Qf6 25. Qe3 Nxb4 26. Ng5 Qxf2+ 27. Qxf2
Rxf2 28. Kxf2 Rc8 29. Nf7+ Kg7 30. Nd6 Rf8+ 31. Kg1 Bd5 32. cxb4 Bxc4 33. Nxc4
Rd8 34. Ne5 Rxd4 35. Nc6 Rc4 36. Nxa7 Rxb4 37. Nb5 Rxa4 38. Nc3 b5 39. Nxb5 Ra2
40. Nd4 Kf6 41. Nf3 e5 42. Nh4 e4 43. Ng2 Ke5 44. Ne3 Kd4 45. Nf1 e3 0-1

[Event "Stadtmeisterschaft Ulm/Neu Ulm 2008"]
[Site "?"]
[Date "2008.10.31"]
[Round "4"]
[White "Bühler, Jürgen"]
[Black "Anistratov, Dimitrij"]
[Result "1-0"]
[WhiteElo "1917"]
[BlackElo "2333"]
[Annotator "Frederic"]
[PlyCount "123"]
[EventDate "2008.??.??"]
[SourceDate "2008.11.01"]

1. c4 Nf6 2. g3 g6 3. b3 Bg7 4. Bb2 O-O 5. Bg2 d6 6. e3 Nc6 7. d3 e5 8. Ne2 Be6
9. O-O Qd7 10. Re1 Bh3 11. Bh1 Ng4 12. Qd2 h5 13. Nbc3 Rae8 14. Nd5 Nd8 15. d4
f6 16. Qc2 Kh7 17. Rad1 Nh6 18. Ndc3 Qc8 19. Ba3 Ne6 20. c5 dxc5 21. d5 Ng5 22.
Bxc5 Rf7 23. f4 exf4 24. exf4 Bf5 25. Qd2 Nh3+ 26. Kf1 Ng4 27. Bg1 Rfe7 28. Nd4
Rxe1+ 29. Rxe1 Rxe1+ 30. Qxe1 Bd3+ 31. Kg2 Nxg1 32. Kxg1 Qf8 33. Ne6 Qb4 34.
Bf3 Nh6 35. Qd2 Ba6 36. Ne4 Qe7 37. Qe3 Nf5 38. Qc5 Nd6 39. Nxc7 Bf8 40. Qxd6
Qxd6 41. Nxd6 Bxd6 42. Ne8 Bc5+ 43. Kg2 Be7 44. d6 Bd8 45. Bd5 b6 46. Nc7 Bc8
47. Kf3 Kg7 48. Ke4 f5+ 49. Kd4 Bd7 50. Ne6+ Bxe6 51. Bxe6 Kf8 52. Kd5 Ke8 53.
Kc6 h4 54. Kb7 a5 55. gxh4 Bxh4 56. Kxb6 Kd8 57. Kxa5 g5 58. fxg5 Bxg5 59. Bxf5
Bf4 60. Kb6 Bxd6 61. h4 Bc7+ 62. Kc6 1-0